Statistics for Geography of Georgia (U.S. State)

Click here to take the quiz!

General Stats

  • This quiz has been taken 206 times
  • The average score is 10 of 19

Answer Stats

QuestionAnswer% Correct
What mountain range touches the extreme northern parts of Georgia?{Blue} Ridge Mountains
86%
What is the state nickname of Georgia?The {Peach} State
85%
What was the most populous city in Georgia before the Civil War?Savannah
78%
What is the official state crop of Georgia? (once farmed by Jimmy Carter)Peanuts
77%
In what city has the Masters (golf) been held in every year since 1934?Augusta
73%
What is the most valuable crop produced in Georgia?Cotton
73%
What is the largest Protestant denomination in Georgia?Southern Baptist
73%
What University town was the home of musical groups R.E.M. and the B-52s?Athens
65%
On what river are the reservoirs Lanier and West Point built?{Chatta}hoochee
59%
What type of "vivarium" is Georgia home to the largest in the U.S.?
(hint: whale sharks live there)
Aquarium
58%
What is the most populous city in Central Georgia?Macon
48%
What is the name of Atlanta's airport? (world's busiest)Hartsfield–{Jackson}
47%
What mountain, near Atlanta, was carved with Confederate leaders?Stone Mountain
43%
What nickname for the city of Atlanta was promoted by mayor William B. Hartsfield?The City Too Busy
to {Hate}
39%
What metropolitan area does Georgia share with Alabama?Columbus
38%
What county is Atlanta the seat of?Fulton
36%
What silicon dioxide mineral is the state gemstone of Georgia?Quartz
24%
What crop is the city of Vidalia famous for?Sweet Onion
23%
What group of four barrier islands face the port city of Brunswick?{Golden} Isles
10%

Score Distribution

Percentile by Number Answered

Percent of People with Each Score

Your Score History

You have not taken this quiz